| 000 | 00786nam a2200229 i 4500 | ||
|---|---|---|---|
| 001 | bg | ||
| 245 | 0 | 0 |
_aLaboratorium elektrotechniki, metrologii elektrycznej i techniki cyfrowej / _cWojciech Węglarski [et al.] ; Politechnika Krakowska im. Tadeusza Kościuszki. |
| 260 |
_aKraków : _bPK, _c1995. |
||
| 300 |
_a95 s. : _brys. ; _c24 cm. |
||
| 504 | _aBibliogr. przy rozdz. | ||
| 521 | _aSkrypt dla studentów wyższych szkół technicznych. | ||
| 650 | 9 |
_aElektrotechnika _xpomiary |
|
| 650 | 9 |
_aPrzyrządy pomiarowe _xelektrotechnika |
|
| 650 | 9 | _aUkłady cyfrowe | |
| 655 | _aPodręczniki akademickie | ||
| 700 | 1 | _aWĘGLARSKI, Wojciech. | |
| 040 | _cBPK | ||
| 041 | 0 | _apol | |
| 080 | _a621.317:681.32](075.8) | ||
| 942 | _cKS | ||
| 008 | s pl f |000 0 pol | ||
| 999 |
_c10361 _d10361 |
||
| 856 |
_uhttp://koha.tu.koszalin.pl/cgi-bin/koha/opac-detail.pl?biblionumber=10361 _yKatalog online BPK |
||